10 to 1: Germany Quiz Stats

 Plays Quiz not verified by Sporcle

Score 0/55 Timer 06:00
0 Plays Today
% Correct
Beethoven
98.2%
Bach
96.3%
Cologne Cathedral
93.8%
Aachen Cathedral
93.4%
BMW
93.4%
Wagner
93%
Audi
92.7%
Brahms
92.1%
Strauss
91.9%
Porsche
91.6%
Berlin
91.3%
Volkswagen
91%
Bratwurst
90.7%
Mercedes Benz
90.7%
Football
90.4%
Händel
90.4%
Munich
90%
Hitler
89.6%
Merkel
89%
Weisswurst
88.6%
Schumann
86.8%
Frankfurter
86.8%
Ford Germany
85.1%
Bayreuth opera
84.9%
Mendelssohn
84.2%
Beck's
84.1%
Boney M
81.2%
Opel
78.6%
% Correct
Bismarck
77.5%
Das Leben der Anderen
75.3%
Kohl
74.6%
Scorpions
74.3%
Nena
71.6%
Museumsinsel
70.2%
Kraftwerk
69.7%
Rammstein
69%
Wadden Sea
68.1%
Schmidt
66.1%
Zimmer
66.1%
Warsteiner
60.7%
Tokio Hotel
60.5%
Orff
60.4%
Messel Pit
59.9%
Marlene Dietrich
58.3%
Nirgendwo in Afrika
57.2%
Bauhaus
56.1%
Bitburger
51.5%
Scooter
48%
Cervelat
45.9%
Landjäger
45%
Garmisch-Partenkirchen
44.5%
Bamberg
42.8%
Lübeck
38.3%
Oettinger
38.1%
Drei im Weggla
21.5%

You're not logged in!

Compare scores with friends on all Sporcle quizzes.
OR
Log In

You Might Also Like...

Show Comments

Extras

Top Quizzes Today


Score Distribution

Your Account Isn't Verified!

In order to create a playlist on Sporcle, you need to verify the email address you used during registration. Go to your Sporcle Settings to finish the process.

Report this User

Report this user for behavior that violates our Community Guidelines.

Details: